Statistiques concernant Culture Générale - Série 1182

Cliquez ici pour prendre le quiz!

Statistiques générales

  • Ce quiz a été pris 35 fois
  • Le résultat moyen est 7 sur 10

Statistiques - réponses

Question Réponse % Correct
Une période de cent ans s'appelle un...siècle
94%
À quel auteur doit-on “Le Crime de l'Orient-Express” ?Agatha Christie
91%
Dans quel pays d'Amérique se trouve la province de la Colombie-Britannique ?Canada
89%
Quel pays d'Afrique a la plus grande superficie ?Algérie
89%
Quel appareil de prothèse dentaire, qui porte le nom d'un jeu de cartes, sert à maintenir une dent artificielle en prenant appui sur des dents saines ?bridge
80%
Quelle ville du Maroc est le titre d'un film de 1942 réalisé par Michael Curtiz ?Casablanca
77%
Quel petit blond créé par Zep est le héros d'une série de BD dont le premier tome s'intitule : "Dieu, le sexe et les bretelles" ?Titeuf
74%
Comment s'appelle le stade de football du RC Lens ?Félix-Bollaert
29%
Qui a écrit “Les Nourritures terrestres” ?André Gide
29%
Dans quel roman de 1953, Boris Vian décrit-il la passion excessive d'une mère pour ses trois enfants ?L'Arrache-coeur
20%

Distribution des résultats

Percentile par nombre de réponses

% des personnes avec chaque résultat

Votre développement - résultats

Vous n’avez pas pris ce quiz